ARRUPE JESUIT UNIVERSITY

CORONAVIRUS -STOP THE SPREAD - CLEAN,DISINFECT,COVER

Finance for all? : (Record no. 127827)

MARC details
000 -LEADER
fixed length control field 01632cam a2200385 a 4500
001 - CONTROL NUMBER
control field 14969157
003 - CONTROL NUMBER IDENTIFIER
control field ARRUPE
005 - DATE AND TIME OF LATEST TRANSACTION
control field 20180328105304.0
008 - FIXED-LENGTH DATA ELEMENTS--GENERAL INFORMATION
fixed length control field 070816s2008 dcua b i001 0 eng
010 ## - LIBRARY OF CONGRESS CONTROL NUMBER
LC control number 2007033387
020 ## - INTERNATIONAL STANDARD BOOK NUMBER
International Standard Book Number 9780821372913
020 ## - INTERNATIONAL STANDARD BOOK NUMBER
International Standard Book Number 0821372912
020 ## - INTERNATIONAL STANDARD BOOK NUMBER
International Standard Book Number 9780821372920 (electronic)
020 ## - INTERNATIONAL STANDARD BOOK NUMBER
International Standard Book Number 0821372920 (electronic)
035 ## - SYSTEM CONTROL NUMBER
System control number (OCoLC)ocn165478540
035 ## - SYSTEM CONTROL NUMBER
System control number (OCoLC)165478540
040 ## - CATALOGING SOURCE
Original cataloging agency DLC
Transcribing agency DLC
Modifying agency BAKER
-- BTCTA
-- YDXCP
-- C#P
-- DLC
043 ## - GEOGRAPHIC AREA CODE
Geographic area code d------
050 00 - LIBRARY OF CONGRESS CALL NUMBER
Classification number HG195
Item number .D46 2007
082 00 - DEWEY DECIMAL CLASSIFICATION NUMBER
Classification number 332.109172/4
Edition number 22
300 ## - PHYSICAL DESCRIPTION
Dimensions 24 cm.
100 1# - MAIN ENTRY--PERSONAL NAME
Personal name Demirgüç-Kunt, Aslı,
Dates associated with a name 1961-
9 (RLIN) 41149
245 10 - TITLE STATEMENT
Title Finance for all? :
Remainder of title policies and pitfalls in expanding access /
Statement of responsibility, etc Asli Demirgüç-Kunt, Thorsten Beck, and Patrick Honohan
260 ## - PUBLICATION, DISTRIBUTION, ETC. (IMPRINT)
Place of publication, distribution, etc Washington, D.C. :
Name of publisher, distributor, etc World Bank,
Date of publication, distribution, etc c2007.
300 ## - PHYSICAL DESCRIPTION
Extent xv, 246 p. :
440 #2 - SERIES STATEMENT/ADDED ENTRY--TITLE
Title A World Bank policy research report
9 (RLIN) 41150
500 ## - GENERAL NOTE
General note Statement of responsibility from p. xiii.
504 ## - BIBLIOGRAPHY, ETC. NOTE
Bibliography, etc Includes bibliographical references (p. 213-235) and index.
650 #0 - SUBJECT ADDED ENTRY--TOPICAL TERM
Topical term or geographic name as entry element Financial services industry
Geographic subdivision Developing countries.
9 (RLIN) 41151
650 #0 - SUBJECT ADDED ENTRY--TOPICAL TERM
Topical term or geographic name as entry element Banks and banking
Geographic subdivision Developing countries.
9 (RLIN) 41152
700 1# - ADDED ENTRY--PERSONAL NAME
Personal name Beck, Thorsten.
9 (RLIN) 41153
700 1# - ADDED ENTRY--PERSONAL NAME
Personal name Honohan, Patrick.
9 (RLIN) 41154
710 2# - ADDED ENTRY--CORPORATE NAME
Corporate name or jurisdiction name as entry element World Bank.
9 (RLIN) 10370
856 41 - ELECTRONIC LOCATION AND ACCESS
Materials specified Table of contents
Uniform Resource Identifier <a href="http://www.loc.gov/catdir/toc/fy0803/2007033387.html">http://www.loc.gov/catdir/toc/fy0803/2007033387.html</a>
906 ## - LOCAL DATA ELEMENT F, LDF (RLIN)
a 7
b cbc
c orignew
d 1
e ecip
f 20
g y-gencatlg
942 ## - ADDED ENTRY ELEMENTS (KOHA)
Source of classification or shelving scheme Library of Congress Classification
Koha item type Monograph ( Printed materials)
Holdings
Withdrawn status Lost status Source of classification or shelving scheme Damaged status Not for loan Collection code Home library Current library Shelving location Date acquired Total Checkouts Full call number Barcode Date last seen Price effective from Koha item type
    Library of Congress Classification     Main Collection ARRUPE LIBRARY ARRUPE LIBRARY Main Collection 28/03/2018   HG195 .D46 2007 46600001956 28/03/2018 28/03/2018 Monograph ( Printed materials)

 

Arrupe Library. PO Box MP320 Mt Pleasant, Harare, Zimbabwe
263 242 745411|librarian@aju.ac.zw